Statistics for Italian Cities with the Most Tourists

Click here to take the quiz!

General Stats

  • This quiz has been taken 346 times
  • The average score is 6 of 10

Answer Stats

# VisitorsCity% Correct
29.8 milRome
100%
15.5 milMilan
98%
37.0 milVenice
98%
13.2 milNaples
96%
14.7 milFlorence
93%
17.3 milVerona
59%
16.0 milRimini
18%
17.8 milTrento
10%
10.5 milBrescia
9%
32.4 milBolzano
7%

Score Distribution

Percentile by Number Answered

Percent of People with Each Score

Your Score History

You have not taken this quiz